[Event "AUTO-INT-1715"]
[Site "http://www.queenalice.com/game.php?id=783393"]
[Date "2010.5.31"]
[Round "1"]
[White "Zeko44"]
[Black "kuroii"]
[Result "0-1"]
[WhiteElo "1633"]
[BlackElo "1538"]

1. e4 e5 2. Nf3 Nf6 3. Bc4 Nxe4 4. Qe2 d5 5. d3 Nf6 6. Qxe5+ Be7 7. Bb3 Nc6 8.
Ba4 Bd7 9. Qg3 O-O 10. O-O Nh5 11. Nc3 Nxg3 12. hxg3 Bg4 13. Nh2 Be6 14. a3 d4
15. Ne2 a6 16. Nf4 b5 17. Nxe6 fxe6 18. Bb3 Ne5 19. Bf4 Qd6 0-1

[Event "AUTO-INT-1715"]
[Site "http://www.queenalice.com/game.php?id=783408"]
[Date "2010.5.31"]
[Round "1"]
[White "Zeko44"]
[Black "gipmachado"]
[Result "1-0"]
[WhiteElo "1510"]
[BlackElo "1786"]

1. e4 e5 2. Nf3 Nc6 3. Bc4 Bc5 4. O-O Nf6 5. Ng5 O-O 6. c3 h6 7. Nxf7 Rxf7 8.
Bxf7+ Kxf7 9. Re1 d6 10. d3 Bg4 11. Qb3+ Kf8 12. Qxb7 Ne7 13. Qa6 Kg8 14. b4 Bb6
15. Be3 Qd7 16. Nd2 Ng6 17. Qb7 Rf8 18. f3 Be6 19. a4 Nf4 20. d4 1-0

[Event "AUTO-INT-1715"]
[Site "http://www.queenalice.com/game.php?id=783409"]
[Date "2010.5.31"]
[Round "1"]
[White "gipmachado"]
[Black "Zeko44"]
[Result "0-1"]
[WhiteElo "1786"]
[BlackElo "1578"]

1. e4 e5 2. Nf3 Nc6 3. Bb5 a6 4. Ba4 b5 5. Bb3 Bc5 6. O-O Nh6 7. d4 exd4 8. Bxh6
gxh6 9. Nbd2 Bb7 10. Re1 Qf6 11. e5 Qg7 12. Bd5 O-O-O 13. Nb3 Rhg8 14. g3 Bb6
15. Nbxd4 Nxd4 16. Bxb7+ Kb8 17. Nxd4 f6 18. Bd5 Rgf8 19. exf6 Qxf6 20. Nf3 c6
0-1

[Event "AUTO-INT-1715"]
[Site "http://www.queenalice.com/game.php?id=783410"]
[Date "2010.5.31"]
[Round "1"]
[White "Zeko44"]
[Black "rocha"]
[Result "0-1"]
[WhiteElo "1611"]
[BlackElo "1554"]

1. e4 e5 2. Nf3 d6 3. Bc4 f6 4. c3 Ne7 5. d4 Ng6 6. Be3 c6 7. O-O Qe7 8. d5 c5
9. Bb5+ Kf7 10. Qb3 a6 11. Bd3 Qd8 12. Nbd2 Qc7 0-1

[Event "AUTO-INT-1715"]
[Site "http://www.queenalice.com/game.php?id=783411"]
[Date "2010.5.31"]
[Round "1"]
[White "rocha"]
[Black "Zeko44"]
[Result "1-0"]
[WhiteElo "1565"]
[BlackElo "1554"]

1. e4 e5 2. a3 Nc6 3. Nf3 Bc5 4. h4 Nf6 5. Ng5 h6 6. d4 Nxd4 7. a4 hxg5 8. Bxg5
c6 9. c3 Ne6 10. Qd2 Be7 11. Be2 Nxe4 12. Qe3 1-0

[Event "AUTO-OPEN-2179"]
[Site "http://www.queenalice.com/game.php?id=864632"]
[Date "2010.11.27"]
[Round "1"]
[White "volga1"]
[Black "Zeko44"]
[Result "1-0"]
[WhiteElo "1795"]
[BlackElo "1547"]

1. e4 e5 2. Nf3 Nc6 3. Bc4 Bc5 4. c3 Nf6 5. d3 h6 6. b4 Bd6 7. O-O b6 8. b5 Na5
9. Ba3 Nxc4 10. dxc4 Bxa3 11. Nxa3 d6 12. c5 Nxe4 13. cxd6 cxd6 14. Qd5 Rb8 15.
Qxe4 Qf6 16. Qh4 Qg6 17. Qg3 Qxg3 18. fxg3 1-0

[Event "AUTO-OPEN-2179"]
[Site "http://www.queenalice.com/game.php?id=864633"]
[Date "2010.11.27"]
[Round "1"]
[White "Zeko44"]
[Black "volga1"]
[Result "0-1"]
[WhiteElo "1538"]
[BlackElo "1801"]

1. e4 g6 2. Nf3 Bg7 3. Bc4 e6 4. d4 Ne7 5. O-O d6 6. Nc3 a6 7. Bg5 h6 8. Bxe7
Qxe7 9. Re1 b5 10. Bb3 Nd7 11. a3 Bb7 12. Qd2 Nf6 13. d5 e5 14. h3 Nh5 15. Ba2
Nf4 16. Ne2 g5 17. Nxf4 gxf4 18. b4 O-O 0-1

[Event "AUTO-OPEN-2179"]
[Site "http://www.queenalice.com/game.php?id=864660"]
[Date "2010.11.27"]
[Round "1"]
[White "josa23"]
[Black "Zeko44"]
[Result "1-0"]
[WhiteElo "1946"]
[BlackElo "1559"]

1. e4 e5 2. Nf3 Nc6 3. Bc4 Bc5 4. Nc3 d6 5. d3 h6 6. Bd2 Nf6 7. Qe2 O-O 8. Nd5
Bg4 9. h3 Bh5 10. g4 Bg6 11. Nh4 Bh7 12. Nf5 Nd4 13. Nxd4 Bxd4 14. g5 Nxd5 15.
gxh6 g6 16. Bxd5 Qh4 17. Rg1 Qxh3 18. O-O-O 1-0

[Event "AUTO-OPEN-2179"]
[Site "http://www.queenalice.com/game.php?id=864661"]
[Date "2010.11.27"]
[Round "1"]
[White "Zeko44"]
[Black "josa23"]
[Result "0-1"]
[WhiteElo "1558"]
[BlackElo "1955"]

1. e4 c5 2. Nf3 Nc6 3. Bc4 g6 4. O-O Bg7 5. c3 d6 6. d4 cxd4 7. cxd4 Nf6 8. Re1
Bg4 9. Qb3 O-O 10. Qxb7 Na5 11. Qa6 Bxf3 12. gxf3 Qc7 13. Bb5 Nh5 14. Bd2 Nb7
15. Bc6 Rab8 16. Rc1 Nd8 17. Na3 Rb6 18. Nb5 Rxa6 19. Nxc7 Rxc6 0-1

[Event "AUTO-OPEN-2179"]
[Site "http://www.queenalice.com/game.php?id=864680"]
[Date "2010.11.27"]
[Round "1"]
[White "Zeko44"]
[Black "Lomax"]
[Result "0-1"]
[WhiteElo "1552"]
[BlackElo "1869"]

1. e4 g6 2. Nf3 d6 3. Bc4 Bg7 4. O-O e6 5. c3 Ne7 6. d4 Nd7 7. Bg5 h6 8. Bh4 g5
9. Bg3 Ng6 10. Re1 a6 11. a4 b6 12. d5 e5 13. Nbd2 g4 14. Nh4 Nxh4 0-1

[Event "AUTO-OPEN-2179"]
[Site "http://www.queenalice.com/game.php?id=864681"]
[Date "2010.11.27"]
[Round "1"]
[White "Lomax"]
[Black "Zeko44"]
[Result "1-0"]
[WhiteElo "1865"]
[BlackElo "1557"]

1. e4 e5 2. Nf3 Nc6 3. d4 exd4 4. Nxd4 Qf6 5. Be3 Bc5 6. c3 Nge7 7. Bc4 O-O 8.
O-O Re8 9. Nb5 Bd6 10. Nxd6 cxd6 11. Na3 a6 12. Nc2 b6 13. f4 Na5 14. Bd3 b5 15.
Qh5 h6 16. e5 Qe6 17. f5 1-0

[Event "AUTO-OPEN-2294"]
[Site "http://www.queenalice.com/game.php?id=911941"]
[Date "2011.3.12"]
[Round "1"]
[White "Zeko44"]
[Black "phystutordotcom"]
[Result "0-1"]
[WhiteElo "1469"]
[BlackElo "2110"]

1. e4 d6 2. Nf3 e5 3. Bc4 Nf6 4. Ng5 d5 5. exd5 h6 6. Nf3 e4 7. Nd4 c6 8. d3
cxd5 9. Bb3 Bc5 10. Be3 Qb6 0-1

[Event "AUTO-OPEN-2294"]
[Site "http://www.queenalice.com/game.php?id=911966"]
[Date "2011.3.12"]
[Round "1"]
[White "Zeko44"]
[Black "fafaking"]
[Result "0-1"]
[WhiteElo "1491"]
[BlackElo "1600"]

1. e4 e5 2. Nf3 Nc6 3. Bc4 Bc5 4. c3 a6 5. d4 exd4 6. cxd4 Bb4+ 7. Nc3 d6 8. a3
Ba5 9. Ng5 Nh6 10. Qh5 O-O 11. Be3 Bg4 12. Qh4 Ne7 13. Qg3 c6 14. b4 Bc7 15. Bb3
d5 0-1

[Event "AUTO-OPEN-2294"]
[Site "http://www.queenalice.com/game.php?id=911967"]
[Date "2011.3.12"]
[Round "1"]
[White "fafaking"]
[Black "Zeko44"]
[Result "1-0"]
[WhiteElo "1648"]
[BlackElo "1478"]

1. d4 d5 2. c4 dxc4 3. e4 e6 4. Bxc4 c6 5. Nc3 Bb4 6. Bf4 Nf6 7. Qc2 Qxd4 8. Bd2
Nxe4 9. Nxe4 Be7 10. Bc3 Qxc4 11. b3 Qd5 12. Rd1 Qf5 13. f3 Qh5 14. Ne2 O-O 15.
g4 1-0

[Event "AUTO-OPEN-2294"]
[Site "http://www.queenalice.com/game.php?id=911968"]
[Date "2011.3.12"]
[Round "1"]
[White "Zeko44"]
[Black "kane"]
[Result "0-1"]
[WhiteElo "1510"]
[BlackElo "1496"]

1. e4 e5 2. Nf3 f6 3. Bc4 Nh6 4. c3 Nc6 5. d4 Na5 6. Bb3 b6 7. dxe5 Qe7 8. Bf4
g5 9. Bg3 g4 10. Nh4 fxe5 0-1